| 000 | 00487 a2200169 4500 | ||
|---|---|---|---|
| 003 | OSt | ||
| 005 | 20231211130529.0 | ||
| 008 | 231211b |||||||| |||| 00| 0 eng d | ||
| 020 | _a9788126423842 | ||
| 040 | _coclc | ||
| 082 |
_a954 _bVAR/B |
||
| 100 |
_aVarier, P A _97329 |
||
| 245 |
_aBRITISH INDIAYUM SAYUDHA SAMARANGALUM / _cP A Varier, Dr. K Velayudhan Nair |
||
| 260 |
_bD C Books, _c2018. |
||
| 300 | _a234p | ||
| 942 |
_2ddc _cBK _h954 _iVAR/B _k954 _mVAR/B |
||
| 999 |
_c44158 _d44158 |
||